[Event "SUI-chT"]
[Site "Switzerland"]
[Date "2022.06.12"]
[Round "3.7"]
[White "Jovanovic, Sladjan"]
[Black "Fischer, Daniel1"]
[Result "1/2-1/2"]
[WhiteElo "2198"]
[BlackElo "2367"]
[PlyCount "57"]
[EventDate "2022.05.01"]
[EventType "team-tourn"]
[EventRounds "9"]
[EventCountry "SUI"]
[SourceTitle "EXT 2023"]
[Source "ChessBase"]
[SourceDate "2022.10.05"]
[SourceVersion "1"]
[SourceVersionDate "2022.10.05"]
[SourceQuality "1"]
[WhiteTeam "Winterthur"]
[BlackTeam "Zuerich"]
[WhiteTeamCountry "SUI"]
[BlackTeamCountry "SUI"]

1. d4 Nf6 2. Nf3 d5 3. e3 e6 4. Bd3 c5 5. b3 Nc6 6. a3 cxd4 7. exd4 g6 8. 0-0 Bg7 9. Re1 0-0 10. Bb2 b6 11. Nbd2 Bb7 12. Qe2 Rc8 13. Rad1 Qc7 14. Rc1 Rfd8 15. b4 Qb8 16. Ne5 Rc7 17. f3 Qc8 18. Qe3 a5 19. c3 Nxe5 20. dxe5 Nd7 21. f4 Bf8 22. Nb3 Ba6 23. Bb1 Bc4 24. Nd4 Nb8 25. Qg3 Nc6 26. Nf3 Bg7 27. Rcd1 Qa6 28. Ng5 Rcd7 29. Qh3 1/2-1/2

[Event "Biel HTO 53rd"]
[Site "Biel"]
[Date "2020.07.24"]
[Round "5"]
[White "Youssoupov, Moisse"]
[Black "Jovanovic, Sladjan"]
[Result "1/2-1/2"]
[WhiteElo "2333"]
[BlackElo "2176"]
[PlyCount "60"]
[EventDate "2020.07.20"]
[EventType "swiss"]
[EventRounds "9"]
[EventCountry "SUI"]
[SourceTitle "CBM 197"]
[Source "ChessBase"]
[SourceDate "2020.08.31"]
[SourceVersion "1"]
[SourceVersionDate "2020.08.31"]
[SourceQuality "1"]

1. c4 Nf6 2. Nc3 c5 3. g3 Nc6 4. Bg2 g6 5. e3 Ne5 6. d3 Bg7 7. Nge2 0-0 8. 0-0 d6 9. b3 Rb8 10. d4 cxd4 11. exd4 Nc6 12. d5 Na5 13. Be3 a6 14. Ba7 Ra8 15. Bd4 Bd7 16. c5 dxc5 17. Bxc5 Rc8 18. Bd4 b5 19. Qd2 Nb7 20. Qb2 Bf5 21. Ne4 Bxe4 22. Bxe4 Nd6 23. Bg2 Nf5 24. Be5 Nxd5 25. Bxg7 Nxg7 26. Rad1 e6 27. Nf4 Qf6 28. Qxf6 Nxf6 29. Bb7 Rb8 30. Bf3 Rb6 1/2-1/2

[Event "Biel HTO 53rd"]
[Site "Biel"]
[Date "2020.07.20"]
[Round "1"]
[White "Franssen, Roland"]
[Black "Jovanovic, Sladjan"]
[Result "0-1"]
[WhiteElo "1632"]
[BlackElo "2176"]
[PlyCount "58"]
[EventDate "2020.07.20"]
[EventType "swiss"]
[EventRounds "9"]
[EventCountry "SUI"]
[SourceTitle "CBM 197"]
[Source "ChessBase"]
[SourceDate "2020.08.31"]
[SourceVersion "1"]
[SourceVersionDate "2020.08.31"]
[SourceQuality "1"]

1. d4 Nf6 2. Nf3 g6 3. c4 Bg7 4. Nc3 d6 5. e4 0-0 6. h3 c5 7. d5 e6 8. Bg5 exd5 9. exd5 h6 10. Be3 Re8 11. Be2 Ne4 12. Nxe4 Rxe4 13. Qb3 Nd7 14. Bd3 Re8 15. 0-0 Rb8 16. Qc2 a6 17. Rad1 b5 18. b3 Nf6 19. Qd2 Kh7 20. Bf4 bxc4 21. bxc4 Ne4 22. Qc1 Nc3 23. Rd2 Qf6 24. Be3 Bxh3 25. Ng5+ hxg5 26. gxh3 Qf3 27. Rc2 Ne4 28. Rd1 Ng3 29. Kh2 Be5 0-1

[Event "Celerina op 12th"]
[Site "Celerina"]
[Date "2018.05.21"]
[Round "5"]
[White "Jovanovic, Sladjan"]
[Black "Wittenbrock, Frank"]
[Result "1/2-1/2"]
[WhiteElo "2156"]
[BlackElo "2002"]
[PlyCount "115"]
[EventDate "2018.05.19"]
[EventType "swiss"]
[EventRounds "5"]
[EventCountry "SUI"]
[SourceTitle "CBM 184 Extra"]
[Source "ChessBase"]
[SourceDate "2018.06.28"]
[SourceVersion "1"]
[SourceVersionDate "2018.06.28"]
[SourceQuality "1"]

1. d4 Nf6 2. Nf3 e6 3. Bf4 b6 4. e3 Bb7 5. Nbd2 d5 6. Bd3 Nbd7 7. 0-0 Bd6 8. Ne5 0-0 9. Qf3 Re8 10. g4 Nf8 11. Bg3 Bxe5 12. dxe5 N6d7 13. Qe2 c5 14. c4 Ng6 15. f4 Ndf8 16. h4 Nd7 17. h5 Ngf8 18. cxd5 exd5 19. Nf3 Ne6 20. Qc2 Ndf8 21. Bb5 d4 22. Bxe8 Qxe8 23. f5 Nc7 24. e4 Qc6 25. Nxd4 Qxe4 26. Qxe4 Bxe4 27. Ne2 Bd3 28. Kf2 Nd5 29. Rfd1 c4 30. Nf4 Nxf4 31. Bxf4 Nd7 32. b4 b5 33. Ke3 a6 34. Rxd3 cxd3 35. Rc1 Rd8 36. Kd2 Nb6 37. Rc6 Nc4+ 38. Kc3 d2 39. Bxd2 Nxd2 40. Rxa6 Ne4+ 41. Kb3 Nd2+ 42. Kc3 Ne4+ 43. Kb3 h6 44. Rb6 Rd3+ 45. Kc2 Rd5 46. Rb8+ Kh7 47. e6 fxe6 48. fxe6 Re5 49. e7 Nd6 50. Rd8 Rxe7 51. Rxd6 Re4 52. Rg6 Rxb4 53. Rb6 Ra4 54. Kb3 Ra5 55. a3 Kg8 56. Rb7 Kf8 57. Kb2 Kg8 58. Kb3 1/2-1/2

[Event "Zuerich Chess Challenge op 6th"]
[Site "Zuerich"]
[Date "2017.04.16"]
[Round "6"]
[White "Jovanovic, Sladjan"]
[Black "Klundt, Klaus"]
[Result "1/2-1/2"]
[WhiteElo "2141"]
[BlackElo "2314"]
[PlyCount "81"]
[EventDate "2017.04.13"]
[EventType "swiss"]
[EventRounds "9"]
[EventCountry "SUI"]
[SourceTitle "CBM 177 Extra"]
[Source "ChessBase"]
[SourceDate "2017.04.27"]
[SourceVersion "1"]
[SourceVersionDate "2017.04.27"]
[SourceQuality "1"]

1. d4 d5 2. Bf4 Nf6 3. e3 c5 4. c3 e6 5. Nd2 Bd6 6. Bxd6 Qxd6 7. f4 cxd4 8. cxd4 Nc6 9. a3 0-0 10. Bd3 b6 11. b4 a5 12. b5 Ne7 13. Nh3 Bb7 14. Nf2 Rac8 15. g4 Rc3 16. Nb1 Rc7 17. Nd2 Rfc8 18. g5 Ne4 19. Nfxe4 dxe4 20. Nxe4 Bxe4 21. Bxe4 Rc3 22. Kf2 Nd5 23. Re1 Nxe3 24. Rxe3 Qxf4+ 25. Qf3 Qxh2+ 26. Kf1 Qb2 27. Rae1 Qxa3 28. Bc6 Rxe3 29. Qxe3 Qxe3 30. Rxe3 Rd8 31. d5 exd5 32. Bxd5 g6 33. Re5 Kf8 34. Bc6 a4 35. Kf2 a3 36. Re3 Rd2+ 37. Kg3 a2 38. Re8+ Kg7 39. Ra8 h6 40. gxh6+ Kxh6 41. Kf4 1/2-1/2

[Event "Zuerich Chess Challenge op 6th"]
[Site "Zuerich"]
[Date "2017.04.16"]
[Round "5"]
[White "Jovanovic, Sladjan"]
[Black "Weinzettl, Ernst"]
[Result "1/2-1/2"]
[WhiteElo "2141"]
[BlackElo "2294"]
[PlyCount "45"]
[EventDate "2017.04.13"]
[EventType "swiss"]
[EventRounds "9"]
[EventCountry "SUI"]
[SourceTitle "CBM 177 Extra"]
[Source "ChessBase"]
[SourceDate "2017.04.27"]
[SourceVersion "1"]
[SourceVersionDate "2017.04.27"]
[SourceQuality "1"]

1. d4 Nf6 2. c4 g6 3. Nc3 Bg7 4. e4 d6 5. Bd3 0-0 6. Nge2 Nc6 7. f3 Nd7 8. Be3 e5 9. d5 Nb4 10. Bb1 Bh6 11. Bf2 f5 12. a3 Na6 13. b4 Nf6 14. 0-0 f4 15. c5 g5 16. cxd6 cxd6 17. h3 Qe8 18. b5 Nc7 19. b6 axb6 20. Bxb6 Na6 21. Kf2 Nd7 22. Na4 Nxb6 23. Nxb6 1/2-1/2

[Event "SUI-chT"]
[Site "Switzerland"]
[Date "2008.05.25"]
[Round "4.6"]
[White "Giertz, Niklaus"]
[Black "Jovanovic, Sladjan"]
[Result "1-0"]
[WhiteElo "2331"]
[BlackElo "2124"]
[PlyCount "131"]
[EventDate "2008.03.02"]
[EventType "team-tourn"]
[EventRounds "9"]
[EventCountry "SUI"]
[SourceTitle "EXT 2009"]
[Source "ChessBase"]
[SourceDate "2008.11.26"]
[SourceVersion "1"]
[SourceVersionDate "2008.11.26"]
[SourceQuality "1"]
[WhiteTeam "Riehen"]
[BlackTeam "Gligoric"]
[WhiteTeamCountry "SUI"]
[BlackTeamCountry "SUI"]

1. Nf3 c5 2. c4 Nf6 3. Nc3 b6 4. g3 Bb7 5. Bg2 e6 6. 0-0 Be7 7. Re1 0-0 8. e4 d6 9. d4 cxd4 10. Nxd4 Qd7 11. b3 Nc6 12. Ba3 Nxd4 13. Qxd4 Qc6 14. Re2 a6 15. f4 Qc7 16. e5 dxe5 17. Qxe5 Qxe5 18. fxe5 Bxa3 19. Bxb7 Ra7 20. Bxa6 Ng4 21. Bb5 Nxe5 22. Rd1 Ng4 23. Kg2 Rb8 24. Kf3 h5 25. h3 Bb4 26. Na4 Nh6 27. g4 hxg4+ 28. hxg4 Re7 29. g5 Nf5 30. Rh2 Bd6 31. Rh3 g6 32. Kg4 Bc7 33. Nc3 Rd8 34. Rxd8+ Bxd8 35. Rd3 Bc7 36. Ne4 Be5 37. Nf6+ Bxf6 38. gxf6 Ra7 39. a4 Rc7 40. Rd8+ Kh7 41. Kf4 Rc5 42. b4 g5+ 43. Kxg5 Re5 44. Kf4 Re1 45. Rb8 Kg6 46. Rxb6 e5+ 47. Kf3 e4+ 48. Kf4 Nd4 49. c5 Ne6+ 50. Kg3 Re3+ 51. Kg4 Rf3 52. Bc4 Rf4+ 53. Kg3 e3 54. Rxe6 Rxc4 55. Rxe3 Rxb4 56. Ra3 Rc4 57. a5 Rxc5 58. a6 Rc8 59. a7 Ra8 60. Ra6 Kf5 61. Kf3 Ke5 62. Ke3 Kd5 63. Kf4 Kc5 64. Kg5 Kb5 65. Ra1 Kb6 66. Kh6 1-0

[Event "SUI-chT"]
[Site "Switzerland"]
[Date "2008.04.20"]
[Round "3.5"]
[White "Wirthensohn, Heinz"]
[Black "Jovanovic, Sladjan"]
[Result "1-0"]
[WhiteElo "2372"]
[BlackElo "2124"]
[PlyCount "73"]
[EventDate "2008.03.02"]
[EventType "team-tourn"]
[EventRounds "9"]
[EventCountry "SUI"]
[SourceTitle "CBM 123 Extra"]
[Source "ChessBase"]
[SourceDate "2008.05.06"]
[SourceVersion "1"]
[SourceVersionDate "2008.05.06"]
[SourceQuality "1"]
[WhiteTeam "Reichenstein"]
[BlackTeam "Gligoric"]
[WhiteTeamCountry "SUI"]
[BlackTeamCountry "SUI"]

1. Nf3 d5 2. c4 e6 3. b3 Nf6 4. Bb2 Nbd7 5. g3 Be7 6. Bg2 0-0 7. 0-0 b6 8. cxd5 exd5 9. Nd4 Bb7 10. Nf5 Re8 11. Nxe7+ Qxe7 12. Nc3 c6 13. d4 Qe6 14. Rc1 Rac8 15. e3 Qf5 16. Qc2 Qg5 17. h4 Qh6 18. Qf5 g6 19. Qg5 Qg7 20. Rfe1 Nf8 21. e4 dxe4 22. Nxe4 Nxe4 23. Bxe4 Ne6 24. Qd2 Qf8 25. Qc3 Qg7 26. Rcd1 Nc7 27. Bxc6 Rxe1+ 28. Rxe1 Ne6 29. Bxb7 Rxc3 30. Bxc3 Qf6 31. Kf1 Qf5 32. Be4 Qh3+ 33. Kg1 g5 34. d5 Nf4 35. Re3 Qg4 36. Bf5 Ne2+ 37. Kh2 1-0

[Event "SUI-chT"]
[Site "Switzerland"]
[Date "2008.03.02"]
[Round "1.7"]
[White "Schiendorfer, Florian"]
[Black "Jovanovic, Sladjan"]
[Result "1-0"]
[WhiteElo "2128"]
[BlackElo "2124"]
[PlyCount "63"]
[EventDate "2008.03.02"]
[EventType "team-tourn"]
[EventRounds "9"]
[EventCountry "SUI"]
[SourceTitle "CBM 123 Extra"]
[Source "ChessBase"]
[SourceDate "2008.05.06"]
[SourceVersion "1"]
[SourceVersionDate "2008.05.06"]
[SourceQuality "1"]
[WhiteTeam "Bern"]
[BlackTeam "Gligoric"]
[WhiteTeamCountry "SUI"]
[BlackTeamCountry "SUI"]

1. d4 d6 2. Nf3 Bg4 3. c4 Nd7 4. Qb3 c5 5. d5 Qb6 6. Nc3 Bxf3 7. exf3 Qxb3 8. axb3 a6 9. f4 Nh6 10. Bd3 g6 11. Nd1 Bg7 12. Bd2 0-0 13. 0-0 Rfe8 14. Bc3 f5 15. Re1 Nf8 16. Ne3 e5 17. dxe6 Nxe6 18. Nd5 Nd4 19. Nc7 Rxe1+ 20. Rxe1 Rd8 21. Nd5 Rd7 22. b4 cxb4 23. Bxb4 Nb3 24. Bc2 Nc5 25. Ba3 Kf7 26. b4 Ne6 27. Ba4 Rd8 28. Bb3 Bd4 29. h3 Re8 30. c5 Kg7 31. cxd6 Rc8 32. Rxe6 1-0

[Event "Zuerich op-A 31th"]
[Site "Zuerich"]
[Date "2007.12.26"]
[Round "1"]
[White "Jovanovic, Sladjan"]
[Black "Troyke, Christian"]
[Result "0-1"]
[WhiteElo "2122"]
[BlackElo "2392"]
[PlyCount "46"]
[EventDate "2007.12.26"]
[EventType "swiss"]
[EventRounds "7"]
[EventCountry "SUI"]
[SourceTitle "CBM 122 Extra"]
[Source "ChessBase"]
[SourceDate "2008.03.04"]
[SourceVersion "1"]
[SourceVersionDate "2008.03.04"]
[SourceQuality "1"]

1. d4 Nf6 2. Nf3 g6 3. g3 Bg7 4. Bg2 0-0 5. 0-0 d6 6. Re1 Nc6 7. e4 Bg4 8. c3 e5 9. h3 Bxf3 10. Bxf3 Nd7 11. dxe5 dxe5 12. Be3 Nb6 13. Qe2 Qe7 14. b4 Rfd8 15. Nd2 Nd4 16. cxd4 exd4 17. Bf4 g5 18. Bxg5 Qxg5 19. Rac1 d3 20. Qe3 Qxe3 21. Rxe3 Bh6 22. Rxc7 Bxe3 23. fxe3 Rac8 0-1

[Event "Zuerich op-A 30th"]
[Site "Zuerich"]
[Date "2006.12.26"]
[Round "1"]
[White "Andersson, Ulf"]
[Black "Jovanovic, Sladjan"]
[Result "1-0"]
[WhiteElo "2542"]
[BlackElo "2156"]
[PlyCount "95"]
[EventDate "2006.12.26"]
[EventType "swiss"]
[EventRounds "7"]
[EventCountry "SUI"]
[SourceTitle "CBM 116 Extra"]
[Source "ChessBase"]
[SourceDate "2007.03.07"]
[SourceVersion "1"]
[SourceVersionDate "2007.03.07"]
[SourceQuality "1"]

1. d4 d5 2. Nf3 Nf6 3. c4 c6 4. cxd5 cxd5 5. Nc3 g6 6. Bf4 a6 7. e3 Bg7 8. h3 0-0 9. Bd3 Nc6 10. 0-0 Bf5 11. Bxf5 gxf5 12. Ne5 Rc8 13. Rc1 e6 14. Qe2 Ne7 15. Rc2 Ng6 16. Bg5 h6 17. Bxf6 Bxf6 18. Nf3 Qa5 19. Rfc1 Rc6 20. b3 Rfc8 21. Na4 Rxc2 22. Rxc2 Rxc2 23. Qxc2 Ne7 24. Qc5 Nc6 25. Qxa5 Nxa5 26. Ne1 Be7 27. Nd3 Kf8 28. Nac5 Bxc5 29. Nxc5 Ke7 30. Kh2 f4 31. exf4 b6 32. Nxa6 Nc6 33. g4 Nxd4 34. Nb4 Ne2 35. Nd3 f6 36. h4 Kd6 37. g5 hxg5 38. fxg5 fxg5 39. hxg5 Nc3 40. a4 Ne4 41. f4 Nc3 42. Kg3 d4 43. Kf3 Ke7 44. Ne5 Nb1 45. Nc4 Kf7 46. Ke4 Kg6 47. Kxd4 Kf5 48. Ke3 1-0